000 00663nas a2200217 4500
001 BR6400058
003 BR-BrBNA
005 20231205082202.0
007 ta
008 230509b bl.|||p| |||| 00| 00por d
040 _aBR-BrBNA
_bpor
_cBiblioteca Nacional de Agricultura
041 _a(Pt)
072 _aN20
100 1 _aRoston, P.J.
245 1 _aTratamento termico nas ligas ferro-carbono [Enxada]
650 _aEquipamento rural
650 _aEnxada
773 0 _tBoletim do Centro Tropical de Pesquisas e Tecnologia de Alimentos (Brazil)
_x
_g(Jun 1964), (no. 2) p. 36-49
_wBR6400058
909 _a202311
_bLúcia
_c55
_dLúcia Elande
942 _2AGRIS
_n0
_cANA
999 _c89799
_d89799